00784 2200289 4500001002100000005001500021035002000036007000300056040001700059100003300076245005500109300003000164020002100194041000800215082000800223084001400231090002200245264003700267336002100304337003000325338002300355650001000378700003300388850001000421008004100431990002200472INLIS00000000000708720260603012940 a0010-0822000061ta aSBPUPADbind0 aOky Mia OctavianyePengarang1 aOuter Batik /cOky Mia Oktaviany;Editor, Rina Wati a88 hlm. :bilus. ;c26 cm a978-602-918682-60 aind a746 a746 OKY o a371.3 NAN e L12-7 a.--Surabaya :bTiara Aksa,c2013 2rdacontentateks 2rdamediaatanpa perantara 2rdacarrieravolume 4aBatik0 aEditor, Rina WatiePengarang aPUPAD260603 0  a35/597/S/DPK/2021